00562nam a22001697a 45000050016000000100017000160200026000330350017000590370022000760820015000981000021001132450097001342600048002312700059002793000034003385000020003722011080107537.0 aB-423723-724 a9788173053788c450.00 aB-423723-724 bAllied Publishers a398.095452 aChatterji, Roam  aWriting identities:bfolklore and performative arts of Purulia, Bengal /cby Roam Chatterji  aNew DelhibAryan Books International c2009 aPooja Apartments, 4B, Ansari Road, bNew Delhie110002 axxii, 125pc24cm(Hb)bphotos  aIncludes index